Normal view MARC view

Entry Personal Name

Number of records used in: 5

001 - CONTROL NUMBER

  • control field: 50930

003 - CONTROL NUMBER IDENTIFIER

  • control field: dpl

005 - DATE AND TIME OF LATEST TRANSACTION

  • control field: 20120809113726.0

008 - FIXED-LENGTH DATA ELEMENTS

  • fixed length control field: 120809|||a|||||| | ||| d

040 ## - CATALOGING SOURCE

  • Original cataloging agency: dpl
  • Transcribing agency: dpl

100 ## - HEADING--PERSONAL NAME

  • Personal name: Bayly, C. A.
  • Fuller form of name: (Christopher Alan)

670 ## - SOURCE DATA FOUND

  • Source citation: Work cat.: (dpl)0: Bayly, C. A. (Christopher Alan), Rulers, townsmen, and bazaars :, 2012

670 ## - SOURCE DATA FOUND

  • Source citation: Work cat.: (dpl)0: Bayly, C. A. (Christopher Alan), Rulers, townsmen, and bazaars :, 2012

© Delhi Public Library
Hit Counter
free hit counter